Представление документа в формате RUSMARC

ПолеНазваниеЗначение
  Тип записи a
  Библиографический уровень m
001 Контрольный номер RU/SLIB/B/208746183
005 Дата корректировки 20201206204114.0
010 Индекс ISBN __
a ISBN 5-7379-0088-6
d Цена 99-37
101 Язык документа __
a Язык текста rus
a Язык текста lat
c Язык оригинала rus
200 Заглавие и сведения об ответственности 1_
a Заглавие Musica Latina
e Сведения, относящиеся к заглавию лат. тексты в музыке и муз. науке
f Первые сведения об ответственности С. Н. Лебедев, Р. Поспелова
b Общее обозначение материала Текст
210 Выходные данные __
a Место издания СПб.
c Издательство Композитор
d Дата издания 2000
215 Физическое описание __
a Объем 256 с.
c Иллюстрации/тип воспроизводства ноты
300 Общие примечания __
a Общие примечания На обл. авт. не указ.
320 Библиография __
a Библиография Библиогр.: в конце кн. (50 назв.) и в подстроч. прим.- Указ. библ. кн.: с. 238-239.- Алф. указ.: с. 240-241
330 Аннотация __
a Аннотация Приведены оригиналы музыкальных текстов на латыни (Аве Мария, реквием, месса и др.). Включены фрагменты старинных трактатов по музыкальной науке таких авторов, как Боэций, Хукбальд, Гвидо Аретинский и др. Для специалистов-музыковедов, студентов музыкальных училищ.
606 Тематические рубрики __
a Основная рубрика Музыка и зрелищные искусства
606 Тематические рубрики __
a Основная рубрика Музыка в целом
610 Ключевые слова __
a Ключевые слова история; литургическая литература; латинский язык; реквием; мессы
686 Индексы других классификаций __
a Классификационный индекс 85.31
700 Автор _1
a Фамилия Лебедев
b Имя С. Н.
4 Код отношения 070
701 Альтернативная интеллектуальная ответственность _1
a Фамилия Поспелова
b Имя Р.
4 Код отношения 070
801 Источник записи _0
a Страна RU
b Организация Муниципальное бюджетное учреждение культуры "Централизованная библиотечная система" г. Сургут (Центральная городская библиотека им. А. С. Пушкина)
g Правила каталогизации КиК/Котельникова
801 Источник записи _1
a Страна RU
b Организация Муниципальное бюджетное учреждение культуры "Централизованная библиотечная система" г. Сургут (Центральная городская библиотека им. А. С. Пушкина)
g Правила каталогизации КиК/Котельникова
852 Данные о местонахождении __
j Шифр хранения 85.31
c Каталожный индекс 85.31
i Авторский знак Л 33
901 Тип документа __
t Тип документа m
903 Характеристики (МАРС) __
a Дата передачи 20031020
969 Тип издания __
a Тип издания хрестоматия
990 Данные о заказе (DOS) __
j Количество экземпляров (DOS) 2
t N записи в КСУ для И/У (DOS) 200310